Lí luận văn học

Giáo trình cung cấp những vấn đề cơ sở lí luận chung, tác phẩm, thể loại văn học, phương pháp sáng tác, trào lưu và trường phái văn học, thi pháp học văn học

Đã lưu trong:
Sonraí Bibleagrafaíochta
Údair Eile: Đỗ Văn Khang (Tác giả), Phạm Thành Hưng (Tác giả), Phạm Quang Long (Tác giả), Nguyễn Văn Nam (Tác giả), Đoàn Đức Phương (Tác giả)
Formáid: Leabhar
Teanga:Vietnamese
Foilsithe: H. Giáo dục 1999
Eagrán:Tái bản lần 5
Ábhair:
Clibeanna: Cuir Clib Leis
Gan Chlibeanna, Bí ar an gcéad duine leis an taifead seo a chlibeáil!
Thư viện lưu trữ: Mạng thư viện Đại học Đà Nẵng
LEADER 01645nam a22004578a 4500
001 000014204
003 10563
005 20120423100424.0
008 120423s1999 b 000 0 vieod
020 |c 1700đ  |d 3000b 
041 0 |a vie 
080 |a 801(075.3) 
082 |a 801  |b Lil 
084 |a V4z73  |b L000í 
245 1 0 |a Lí luận văn học  |c Hà Minh Đức (ch.b), Đỗ Văn Khang, Phạm Thành Hưng.. 
250 |a Tái bản lần 5 
260 |a H.  |b Giáo dục  |c 1999 
300 |a 326tr  |c 20cm 
520 |a Giáo trình cung cấp những vấn đề cơ sở lí luận chung, tác phẩm, thể loại văn học, phương pháp sáng tác, trào lưu và trường phái văn học, thi pháp học văn học 
653 |a Thi pháp 
653 |a thể loại văn học 
653 |a trường phái 
653 |a tác phẩm văn học 
653 |a lí luận văn học 
653 |a sáng tác 
653 |a giáo trình 
700 1 |a Đỗ Văn Khang  |e Tác giả 
700 1 |a Phạm Thành Hưng  |e Tác giả 
700 1 |a Phạm Quang Long  |e Tác giả 
700 1 |a Nguyễn Văn Nam  |e Tác giả 
700 1 |a Đoàn Đức Phương  |e Tác giả 
OWN |a LSP 
AVA |a UDN50  |b LSP  |d 801 Lil  |e available  |t Error 5001 Not defined in file expand_doc_bib_avail.  |f 2  |g 0  |h N  |i 0  |k 1 
999 |a From the UDN01 
AVA |a UDN50  |b LSP  |d 801 Lil  |e available  |t Error 5001 Not defined in file expand_doc_bib_avail.  |f 2  |g 0  |h N  |i 0  |k 1 
TYP |a Monograph 
TYP |a Printed language 
980 |a Mạng thư viện Đại học Đà Nẵng